000 00802nam a2200217Ii 4500
003 JO-AjNU
008 230605s9999||||xx |||||||||||||| ||und||
017 _a1989/10/659
040 _aJO-AjNU
_bara
_erda
_cJO-AjNU
041 _aara
050 1 4 _aBP130.73.K476 2008
100 3 _aالخالدي، صلاح عبد الفتاح,
_eauthor
_931568
245 0 0 _aعلوم القرآن وأصول التفسير: البيان في إعجاز القرآن، الكتاب الاول
250 _aط5
264 3 1 _aعمان: دار عمار للنشر والتوزيع، 2008
300 _aالكتاب الاول، 402ص
336 _atext
_btxt
_2rdacontent
337 _aunmediated
_bn
_2rdamedia
338 _avolume
_bnc
_2rdacarrier
650 4 _aالقران الكريم - الاعجاز
_931569
999 _aA12640
_c16208
_d16208